000 00726nam a22002777a 4500
005 20180705151420.0
008 180705b xxu||||| |||| 00| 0 eng d
020 _a9780241182291
_cRs 999
040 _beng
041 _aEnglish
082 _a301
_bTHO
245 _aThe sociology book
260 _aLondon
_bDorling Kindersley
_c2015
300 _a352p
_b24 cm, ill
504 _aIncludes index
650 _aSociology
650 _aGlobalization
_vSocial aspects
700 _4Auth
_aThorpe, Christopher
700 _4ed.
_aYuill, Chris
700 _4Auth
_aHobbs, Mitchell
700 _4Auth
_aTodd, Megan
700 _4Auth
_aTomley, Sarah
700 _4Auth
_aWeeks, Marcus
850 _aLCLIB
942 _cBK
999 _c41647
_d92126